000 00663nam a2200193 a 4500
001 000038022
005 20201002031145.0
008 130312s2012 dr ac r 000 0 spa d
020 _a9789945884609
040 _aDO-SdBNP
_bspa
_cBNPHU
082 _axxxx
_bxxxx
245 0 0 _aHuellas para el futuro :
_bel nuevo banco de la producción /
_cPresentación Federico Antún Balle.
260 _aSanto Domingo :
_bBNV,
_c2012.
300 _a225 p. :
_bil., retrs. ;
_c30 cm.
500 _aTexto a dos columna
590 _aInventariado, 2019/BT
700 1 _aAntun Balle, Federico
_epres.
_964421
710 2 _aBanco Nacional de la Vivienda (República Dominicana)
_97172
999 _c37512
_d37512